000 03445nam0a2200457 4500
001 RU\NLR\BIBL_A\016228002
005 20230412161106.0
010 _a978-5-6047522-7-2
_9100
021 _aRU
_bКН-П-22-078945
_9КН-П-22-6910
035 _a(NLR Aleph) 016228002
035 _a(RuMoRGB)011360409
090 _a12758593
_c12758593
100 _a20221205d2022 k y0rusy50 ca
101 0 _arus
102 _aRU
105 _aah z 110zy
181 1 _ai
_b e
182 1 _an
200 1 _aИз прошлого Вятки: купеческие фамилии, семьи, лица
_eматериалы всероссийской научной конференции (Киров, 20 октября 2022 года)
_fМинистерство культуры Кировской области, Кировская государственная универсальная областная научная библиотека имени А. И. Герцена
_gсоставитель, научный редактор: М. С. Судовиков
203 _aТекст
_bвизуальный
_cнепосредственный
210 _aКиров
_cКОГ БУК КОУНБ им. А.И. Герцена
_d2022
215 _a111, [1] с.
_cил., факс.
_d20
225 1 _aКонференции. Симпозиумы. Чтения
300 _aНа тит. с.: к 650-летию города Кирова. К 185-летию Кировской областной научной библиотеки им. А. И. Герцена
320 _aБиблиогр. в примеч. в конце докл.
330 _aВ сборник вошли материалы по истории купечества Вятско-Камского региона. Представлены биографические материалы, история семей, особое внимание обращается на вопросы участия местного купечества в жизни страны и сохранения исторической памяти о выдающихся деятелях делового сообщества. Авторами сборника выступили исследователи из разных городов России
606 1 _aКупечество
_xИстория
_yВятская губерния
_92549848
_3RU\NLR\AUTH\6601722097
606 1 _aКупеческие роды
_yВятская губерния
_92549850
_3RU\NLR\AUTH\6601722098
675 _a94(470.42)(082)
_v4
686 1 _aТ3(2Р-8Вя)0-291
686 1 _aТ214(2Р-8Вя)0-3
686 1 _aУ42(28)1
702 1 _4220
_7ca
_8rus
_aСудовиков
_bМ. С.
_f1970-
_gМихаил Сергеевич
_9176120
_3RU\NLR\AUTH\770176171
711 1 2 _a"Из прошлого Вятки: купеческие фамилии, семьи, лица", всероссийская научная конференция
_eКиров
_f2019
_9677940
_3RU\NLR\AUTH\880508863
712 0 2 _4475
_aКировская государственная областная универсальная научная библиотека им. А. И. Герцена
_9563455
_3RU\NLR\AUTH\8810032453
942 _cBOOK
980 _aNB
980 _aGENEAL02